Fußball-WM-Torschützenkönige seit 1930 - Statistiken

Allgemein
  • Dieses Quiz wurde 143 mal gespielt
  • Das Durchschnittsergebnis liegt bei 9 aus 22
Antwortstatistiken
Jahr Anzahl der Tore Spieler % Korrekt
2002 8 Ronaldo
97%
1970 10 Gerd Müller
96%
2010 5 Thomas Müller
95%
2022 8 Kylian Mbappe
88%
2006 5 Miroslav Klose
85%
2014 6 James Rodriguez
69%
2018 6 Harry Kane
57%
1958 13 Just Fontaine
49%
1966 9 Eusebio
32%
1982 6 Paolo Rossi
32%
1998 6 Davor Suker
30%
1994 (2 Spieler) 6 Oleg Salenko und Christo Stoichkov
30%
1978 6 Mario Kempes
27%
1962 4 Garrincha
23%
1986 6 Gary Lineker
22%
1974 7 Grzegorz Lato
21%
1954 11 Sandor Kocsis
17%
1990 6 Salvatore Schillaci
14%
1930 8 Guillermo Stabile
10%
1938 7 Leonidas da Silva
6%
1934 5 Oldrich Nejedly
5%
1950 9 Ademir de Menezes
4%
Keine übereinstimmenden Quizze gefunden
Verteilung der Resultate
Anzahl Personen mit jedem Resultat
Perzentil nach korrekt beantworteten Fragen
Ihre Resultats-Entwicklung
Sie haben dieses Quiz noch nicht gespielt